| 000 -LEADER |
| fixed length control field |
00626nam a22001577a 4500 |
| 082 ## - DEWEY DECIMAL CLASSIFICATION NUMBER |
| Classification number |
APPPA 2018-19\GUI |
| 100 ## - MAIN ENTRY--PERSONAL NAME |
| Personal name |
Guite, Kamkhenthang |
| 9 (RLIN) |
5831 |
| 245 ## - TITLE STATEMENT |
| Title |
Nature of federal bargain in the evolution and working of Indian federalism |
| Statement of responsibility, etc |
by Kamkhenthang Guite |
| 260 ## - PUBLICATION, DISTRIBUTION, ETC. (IMPRINT) |
| Place of publication, distribution, etc |
New Delhi |
| Name of publisher, distributor, etc |
Indian Institute of Public Administration |
| Date of publication, distribution, etc |
2019 |
| 300 ## - PHYSICAL DESCRIPTION |
| Extent |
73p. |
| 500 ## - GENERAL NOTE |
| General note |
APPPA Dissertation, 2018-19 (Guide: Dr. Nupur Tiwari) |
| 650 ## - SUBJECT ADDED ENTRY--TOPICAL TERM |
| Topical term or geographic name as entry element |
Federal government -- India. |
| 9 (RLIN) |
6427 |
| 650 ## - SUBJECT ADDED ENTRY--TOPICAL TERM |
| Topical term or geographic name as entry element |
Intergovernmental fiscal relations -- India. |
| 9 (RLIN) |
6428 |
| 650 ## - SUBJECT ADDED ENTRY--TOPICAL TERM |
| Topical term or geographic name as entry element |
Revenue sharing -- India. |
| 9 (RLIN) |
6429 |
| 650 ## - SUBJECT ADDED ENTRY--TOPICAL TERM |
| Topical term or geographic name as entry element |
Fiscal policy -- India. |
| 9 (RLIN) |
6430 |